[Event "AUTO-OPEN-3064"]
[Site "http://www.queenalice.com/game.php?id=1211058"]
[Date "2013.8.24"]
[Round "1"]
[White "LEOKnopp"]
[Black "YUDAO"]
[Result "0-1"]
[WhiteElo "1501"]
[BlackElo "1687"]

1. e4 e5 2. Bc4 Nf6 3. Nc3 Be7 4. Nf3 Nc6 5. d3 h6 6. Nxe5 Nxe5 7. h3 O-O 8. d4
Nxc4 9. e5 Ne8 10. b3 Nb6 11. Qh5 Bb4 12. Bd2 d5 13. O-O-O a6 14. Bxh6 gxh6 15.
Rd3 Qg5+ 16. Qxg5+ hxg5 17. h4 f6 18. exf6 Nxf6 19. hxg5 Ng4 20. Nd1 Rxf2 21.
Nxf2 Nxf2 22. Rf1 Nxd3+ 23. Kd1 Bg4+ 24. Rf3 Bxf3+ 25. gxf3 Nf4 26. g6 Nxg6 27.
c3 Bxc3 28. Kc2 Bxd4 29. Kd3 Bh8 30. f4 Nxf4+ 31. Ke3 Rf8 32. a4 d4+ 33. Kd2 c5
34. a5 Nbd5 35. b4 c4 36. b5 axb5 37. a6 c3+ 38. Kc2 d3+ 39. Kb3 c2 40. axb7
c1=Q 41. b8=Q Qc3+ 42. Ka2 Rxb8 43. Kb1 Qb2# 0-1

[Event "AUTO-OPEN-3064"]
[Site "http://www.queenalice.com/game.php?id=1211059"]
[Date "2013.8.24"]
[Round "1"]
[White "YUDAO"]
[Black "LEOKnopp"]
[Result "1-0"]
[WhiteElo "1667"]
[BlackElo "1486"]

1. e4 e5 2. Nf3 Nc6 3. g3 Bc5 4. c3 Nf6 5. d4 exd4 6. e5 Ne4 7. cxd4 Bb4+ 8. Bd2
Nxd4 9. Bxb4 d6 10. Qxd4 Bf5 11. Bd3 dxe5 12. Qxe5+ Be6 13. Bxe4 f6 14. Qxe6+
Qe7 15. Qxe7# 1-0

[Event "AUTO-OPEN-3064"]
[Site "http://www.queenalice.com/game.php?id=1211060"]
[Date "2013.8.24"]
[Round "1"]
[White "LEOKnopp"]
[Black "AfeuLira"]
[Result "0-1"]
[WhiteElo "1495"]
[BlackElo "1970"]

1. e4 c5 2. e5 Nc6 3. Nf3 e6 4. Bc4 Nge7 5. d3 Ng6 6. Bg5 Be7 7. h4 Ngxe5 8. Bb5
Nxf3+ 9. Qxf3 Bxg5 10. hxg5 Qxg5 11. Rh5 Qc1+ 12. Qd1 Qxb2 13. Nd2 Qxb5 14. Rb1
Qa5 15. d4 Nxd4 16. c3 Qxc3 17. Rc1 Qd3 18. Rcxc5 b6 19. Rh3 Qg6 20. Rg3 Qf6 21.
Rcg5 Bb7 22. Nc4 Bd5 23. Nd6+ Ke7 24. Nb5 Nf5 25. Qa4 Nxg3 26. Rxg3 d6 27. Re3
Rhc8 28. Qa3 Rc5 29. Nc3 Rac8 30. Qxa7+ R8c7 31. Nxd5+ Rxd5 32. Qxc7+ Ke8 33.
Qc6+ Kd8 34. Qxb6+ Kc8 35. Qc6+ Kd8 36. g3 Qa1+ 37. Ke2 Qd1# 0-1

[Event "AUTO-OPEN-3064"]
[Site "http://www.queenalice.com/game.php?id=1211061"]
[Date "2013.8.24"]
[Round "1"]
[White "AfeuLira"]
[Black "LEOKnopp"]
[Result "1-0"]
[WhiteElo "1953"]
[BlackElo "1440"]

1. e4 e5 2. Nf3 Nc6 3. Bc4 Nf6 4. Nc3 Bb4 5. Ng5 d5 6. Nxd5 Nxd5 7. exd5 Qxg5 8.
dxc6 Qxg2 9. Rf1 Bc5 10. Qe2 e4 11. d3 Bg4 12. cxb7 Rb8 13. Qxe4+ Qxe4+ 14. dxe4
Rxb7 15. Bd5 Rb4 16. c3 Rb6 17. b4 Bd6 18. a3 Bh3 19. Rg1 c6 20. Bb3 c5 21. Be3
Be5 22. Rc1 cxb4 23. Bxb6 axb6 24. cxb4 Bb2 25. Rc8+ Bxc8 26. a4 Bc3+ 27. Ke2
Bxb4 28. Rxg7 Bc3 29. Rxf7 Bg4+ 30. f3 Bh5 31. Rf5 Rg8 32. Bxg8 Bg6 33. Rb5 Bf7
34. Bxf7+ Kxf7 35. Rxb6 Bd4 36. Rb7+ Ke6 37. a5 Kd6 38. a6 Kc6 39. Rxh7 Bg1 40.
h4 Bd4 41. h5 Kd6 42. h6 Kc6 43. a7 Bxa7 44. Rxa7 Kb6 45. Rg7 Kc5 46. h7 Kd6 47.
h8=Q Ke5 48. Ke3 Kf6 49. Qh6+ Ke5 50. f4# 1-0

[Event "AUTO-INT-2710"]
[Site "http://www.queenalice.com/game.php?id=1211162"]
[Date "2013.8.24"]
[Round "1"]
[White "bispo46"]
[Black "LEOKnopp"]
[Result "1-0"]
[WhiteElo "1935"]
[BlackElo "1450"]

1. e4 e5 2. Nf3 Nc6 3. d4 Bb4+ 4. c3 exd4 5. cxb4 Nxb4 6. a3 Nc6 7. Nxd4 Nf6 8.
Nxc6 bxc6 9. Nc3 d5 10. Bg5 O-O 11. Be2 d4 12. e5 Ng4 13. Bxd8 dxc3 14. Bxg4
cxb2 15. Rb1 Bxg4 16. Qxg4 Rfxd8 17. Rxb2 g6 18. O-O h5 19. Qc4 Rd5 20. Qxc6
Rad8 21. Qxc7 Rd1 22. Rb8 Kg7 23. Rxd8 Rxd8 24. Qxd8 a5 25. Rc1 a4 26. Rc8 Kh6
27. Qh8+ Kg5 28. h4+ Kxh4 29. Qf6+ Kg4 30. Rc4# 1-0

[Event "AUTO-INT-2710"]
[Site "http://www.queenalice.com/game.php?id=1211163"]
[Date "2013.8.24"]
[Round "1"]
[White "LEOKnopp"]
[Black "bispo46"]
[Result "0-1"]
[WhiteElo "1464"]
[BlackElo "1953"]

1. e4 c5 2. e5 d6 3. Nf3 Nc6 4. Bc4 e6 5. Nc3 dxe5 6. d3 Nf6 7. Bg5 Be7 8. Bb5
Bd7 9. Nxe5 Nxe5 10. Bxd7+ Qxd7 11. d4 cxd4 12. Ne4 Nxe4 13. Bf4 Bb4+ 14. c3
dxc3 15. O-O cxb2 16. Rb1 Qxd1 17. Rbxd1 Nc6 18. f3 Nc3 19. Rb1 Nxb1 0-1

[Event "AUTO-INT-2710"]
[Site "http://www.queenalice.com/game.php?id=1211174"]
[Date "2013.8.24"]
[Round "1"]
[White "Slazenger"]
[Black "LEOKnopp"]
[Result "1-0"]
[WhiteElo "1599"]
[BlackElo "1492"]

1. e4 e5 2. Nf3 Nc6 3. c3 Bc5 4. d3 d5 5. Nbd2 d4 6. cxd4 exd4 7. a3 a5 8. Nc4
b5 9. Nce5 Nxe5 10. Nxe5 Qf6 11. Ng4 Bxg4 12. f3 Be6 13. b3 a4 14. b4 Bb6 15.
Be2 Qh4+ 16. g3 Qf6 17. f4 Bb3 18. Qd2 c5 19. e5 Qf5 20. g4 Qg6 21. f5 Qc6 22.
Rf1 cxb4 23. axb4 Qg2 24. Bf3 Qh3 25. Bxa8 Qxg4 26. Bc6+ Kd8 27. Qg5+ Qxg5 28.
Bxg5+ f6 29. exf6 gxf6 30. Bf4 Ne7 31. Bxb5 Nd5 32. Bxa4 Re8+ 33. Bxe8 Kxe8 34.
Ra8+ Kd7 35. Bd2 Bc2 36. Ke2 Nc7 37. Rh8 Nd5 38. Rxh7+ Kc6 39. Rg1 Kb5 40. Rgg7
Nxb4 41. Bxb4 Kxb4 42. h4 Kc3 43. Rg3 Bc5 44. Rc7 Kb4 45. Rg6 Bd6 46. Rxc2 Kb3
47. Kd1 Bb4 48. Rxf6 Ba5 49. Ra6 Bb4 50. f6 Ba3 51. f7 Bb4 52. Rb6 Ka4 53. f8=Q
Bxf8 54. Rc8 Ka5 55. Rb1 Ka6 56. Ra8# 1-0

[Event "AUTO-INT-2710"]
[Site "http://www.queenalice.com/game.php?id=1211175"]
[Date "2013.8.24"]
[Round "1"]
[White "LEOKnopp"]
[Black "Slazenger"]
[Result "1-0"]
[WhiteElo "1465"]
[BlackElo "1590"]

1. e4 Nf6 2. e5 Ng8 3. d4 e6 4. Bc4 d5 5. exd6 Bxd6 6. d5 e5 7. Nf3 h6 8. Nc3 f6
9. Nh4 Ne7 10. Qh5+ g6 11. Nxg6 Nxg6 12. Qxg6+ Kf8 13. Bxh6+ Ke7 14. Qg7+ 1-0

[Event "AUTO-INT-2710"]
[Site "http://www.queenalice.com/game.php?id=1211180"]
[Date "2013.8.24"]
[Round "1"]
[White "Reddaz"]
[Black "LEOKnopp"]
[Result "1-0"]
[WhiteElo "1686"]
[BlackElo "1453"]

1. e4 e5 2. Nf3 Nc6 3. Bb5 a5 4. Bxc6 dxc6 5. d3 Nf6 6. Nxe5 Ng4 7. Nxg4 h5 8.
Ne5 h4 9. Qf3 Be6 10. Bf4 f5 11. Ng6 Bb4+ 12. c3 Rh7 13. cxb4 Qd4 14. Be5 Qxb4+
15. Nd2 O-O-O 16. Bc3 Qc5 17. Nf4 Re8 18. Nb3 Bxb3 19. axb3 b5 20. Bxa5 Qc2 21.
Bc3 fxe4 22. dxe4 Rxe4+ 23. Ne2 g5 24. Rd1 1-0

[Event "AUTO-INT-2710"]
[Site "http://www.queenalice.com/game.php?id=1211181"]
[Date "2013.8.24"]
[Round "1"]
[White "LEOKnopp"]
[Black "Reddaz"]
[Result "0-1"]
[WhiteElo "1446"]
[BlackElo "1693"]

1. e4 c5 2. e5 Nc6 3. Nf3 g6 4. d4 cxd4 5. Bc4 e6 6. Bg5 Qc7 7. Bf6 Nxf6 8. exf6
Ne5 9. Qxd4 Nxc4 10. O-O Bd6 11. Qh4 Nxb2 12. Qh6 Bf8 13. Qd2 b5 14. Ng5 Bb7 15.
c4 Nxc4 16. Qc3 Qc6 17. f3 Bc5+ 18. Kh1 Ne3 19. Rc1 d6 0-1

[Event "KINGS_and_QUENS"]
[Site "http://www.queenalice.com/game.php?id=1211623"]
[Date "2013.8.26"]
[Round "-"]
[White "Ana_Cris"]
[Black "LEOKnopp"]
[Result "1-0"]
[WhiteElo "1253"]
[BlackElo "1467"]

1. d4 d5 2. Nf3 Nc6 3. e3 Bg4 4. Bb5 Nf6 5. Nc3 a6 6. Ba4 b5 7. Bb3 e6 8. a3 b4
9. Ba4 Qd6 10. Bxc6+ Qxc6 11. h3 bxa3 12. Ne5 axb2 13. Bxb2 Qb7 14. Qb1 Bf5 15.
O-O Ne4 16. Nxe4 Bxe4 17. Bc3 f6 18. Qxb7 Rd8 19. Rxa6 fxe5 20. Qxc7 Bd3 21.
cxd3 Bd6 22. Rxd6 Rxd6 23. Qxd6 exd4 24. Bxd4 Rf8 25. Qxe6+ Kd8 26. Qxd5+ Ke8
27. Bxg7 Rf7 28. Qe5+ Re7 29. Qb8+ Kf7 30. Bd4 h5 31. h4 Ke6 32. Qe5+ Kd7 33.
Qxh5 Kd6 34. Ra1 Rc7 35. f4 Kc6 36. g4 Re7 37. Rc1+ Kd6 38. Bc5+ Kd7 39. Bxe7
Kxe7 40. Qh6 Kd8 41. Qh7 Ke8 42. Rc8# 1-0

[Event "AUTO-INT-2712"]
[Site "http://www.queenalice.com/game.php?id=1212504"]
[Date "2013.8.28"]
[Round "1"]
[White "LEOKnopp"]
[Black "Ricardoabreu"]
[Result "1-0"]
[WhiteElo "1495"]
[BlackElo "1581"]

1. e4 b6 2. e5 Bb7 3. d4 e6 4. Nf3 g6 5. Bg5 Be7 6. h4 Bxg5 7. Nxg5 h6 8. Ne4
Bxe4 9. Rh3 Nc6 10. Bd3 Bxg2 11. Rg3 Bd5 12. c4 Bh1 13. h5 g5 14. f3 Nxd4 15.
Be4 Nxf3+ 16. Bxf3 Bxf3 17. Rxf3 Ne7 18. Nc3 a6 19. Rf6 Rg8 20. Rf1 Nf5 21. Qf3
Nd4 22. Qxf7# 1-0

[Event "AUTO-INT-2712"]
[Site "http://www.queenalice.com/game.php?id=1212505"]
[Date "2013.8.28"]
[Round "1"]
[White "Ricardoabreu"]
[Black "LEOKnopp"]
[Result "1-0"]
[WhiteElo "1581"]
[BlackElo "1464"]

1. b3 e5 2. Bb2 e4 3. e3 d5 4. f3 Nf6 5. f4 Bg4 6. Be2 h5 7. h3 Bxe2 8. Qxe2 Bb4
9. c3 d4 10. cxb4 d3 11. Qd1 Nd5 12. Bc3 Qh4+ 13. Kf1 Qg3 14. Be5 Nxe3+ 15. dxe3
Qxe3 16. Bxc7 O-O 17. Nd2 Rc8 18. Be5 Rc2 19. Nxe4 Qxe4 20. Qf3 Qc6 21. Qxc6
Nxc6 22. Nf3 Nxe5 23. Nxe5 d2 24. Kg1 f6 25. Nf3 Rd8 26. Kh2 d1=B 27. Rhxd1 Re8
28. Nd4 Rf2 29. Kg3 Rb2 30. Nf5 g5 31. fxg5 fxg5 32. Nd6 h4+ 33. Kh2 Ree2 34.
Rg1 Red2 35. Nc4 g4 36. Nxd2 Rxd2 37. hxg4 Rd4 38. Kh3 Rxb4 39. Kxh4 Kg7 40.
Rgd1 Kf6 41. Rd6+ Ke5 42. Rad1 Ke4 43. Kh5 Kf4 44. R1d4+ Rxd4 45. Rxd4+ Ke5 46.
Rd7 Ke6 47. Rxb7 Kd6 48. Rxa7 Kc6 49. Ra8 Kb6 50. g5 1-0

[Event "AUTO-INT-2712"]
[Site "http://www.queenalice.com/game.php?id=1212506"]
[Date "2013.8.28"]
[Round "1"]
[White "LEOKnopp"]
[Black "eloy"]
[Result "0-1"]
[WhiteElo "1480"]
[BlackElo "1644"]

1. e4 e5 2. Nf3 Nc6 3. Bb5 a6 4. Bxc6 dxc6 5. d3 f6 6. Nxe5 fxe5 7. h4 h5 8. Bg5
Be7 9. Nd2 Nh6 10. Qxh5+ Nf7 11. Qg6 Bxg5 12. Qxg7 Qe7 13. Nf3 Bh6 14. Qg6 Qe6
15. h5 Qe7 16. Rh4 Be6 17. Nxe5 O-O-O 18. g3 Nxe5 19. Qf5 Bxf5 20. exf5 Nf3+ 21.
Kf1 Nxh4 22. Re1 Qf6 23. gxh4 Qxh4 24. Kg2 Rhg8+ 25. Kf3 Qf4+ 26. Ke2 Rde8+ 27.
Kd1 Qf3+ 28. Re2 Qxe2# 0-1

[Event "AUTO-INT-2712"]
[Site "http://www.queenalice.com/game.php?id=1212507"]
[Date "2013.8.28"]
[Round "1"]
[White "eloy"]
[Black "LEOKnopp"]
[Result "1-0"]
[WhiteElo "1709"]
[BlackElo "1492"]

1. e4 e5 2. Nf3 Nc6 3. Bc4 Bc5 4. c3 Nf6 5. Ng5 d6 6. Nxf7 Qe7 7. Nxh8 Ng4 8. d4
exd4 9. O-O d5 10. Bxd5 dxc3 11. Nxc3 Qd6 12. Bf7+ Ke7 13. Qxd6+ Bxd6 14. Nd5+
Kf8 15. g3 g5 16. Bxg5 Nge5 17. Bh6# 1-0

[Event "AUTO-INT-2712"]
[Site "http://www.queenalice.com/game.php?id=1212508"]
[Date "2013.8.28"]
[Round "1"]
[White "LEOKnopp"]
[Black "daniel0176"]
[Result "0-1"]
[WhiteElo "1429"]
[BlackElo "1625"]

1. e4 d5 2. e5 e6 3. d4 a6 4. Nf3 h6 5. Nc3 Bb4 6. a3 Bxc3+ 7. bxc3 Nc6 8. c4
Nge7 9. cxd5 Nxd5 10. c4 Nc3 11. Qd3 Na4 12. d5 Nc5 13. Qc2 exd5 14. Bd3 O-O 15.
Bxh6 Re8 16. Ng5 Rxe5+ 17. Kf1 Nd4 18. Bh7+ Kf8 19. Qb1 Ncb3 20. Nxf7 Nd2+ 21.
Bxd2 Qf6 22. Nxe5 Bf5 23. Qxb7 Re8 24. Qxc7 Bxh7 25. Nd7+ Kf7 26. Nxf6+ Kxf6 27.
Qf4+ Ke7 28. Qxd4 Kf8 29. Bb4+ Kg8 30. Bc3 Re7 31. Qxd5+ Kf8 32. Qd8+ Re8 33.
Bxg7+ Kxg7 34. Qxe8 a5 35. Rd1 Bg6 36. Rd7+ Kh6 37. Qe3+ Kh5 38. Rd5+ Bf5 39.
Qf4 Kg6 40. Qxf5+ Kg7 41. Qe5+ Kf8 0-1

[Event "AUTO-INT-2712"]
[Site "http://www.queenalice.com/game.php?id=1212509"]
[Date "2013.8.28"]
[Round "1"]
[White "daniel0176"]
[Black "LEOKnopp"]
[Result "1-0"]
[WhiteElo "1600"]
[BlackElo "1451"]

1. e4 e5 2. Qh5 Nc6 3. Bc4 Nh6 4. d3 Nd4 5. Na3 g6 6. Qxe5+ Qe7 7. Qxd4 f6 8.
Nf3 c5 9. Qc3 f5 10. O-O Bg7 11. Nb5 Bxc3 12. Nxc3 fxe4 13. Re1 Qf8 14. Rxe4+
Kd8 15. Nb5 a6 16. Bg5+ Qe7 17. Bxe7+ Ke8 18. Bf6+ Kf8 19. Bxh8 axb5 20. Bxb5 d5
21. Re8+ Kf7 22. Rae1 Ng8 23. Ng5# 1-0

[Event "Challenge"]
[Site "http://www.queenalice.com/game.php?id=1213378"]
[Date "2013.8.31"]
[Round "-"]
[White "recchdegomm1"]
[Black "LEOKnopp"]
[Result "0-1"]
[WhiteElo "1306"]
[BlackElo "1490"]

1. d4 d5 2. c4 e5 3. dxe5 d4 4. Nf3 Bb4+ 5. Bd2 Qe7 6. a3 Bc5 7. b4 Bxb4 8. axb4
Bg4 9. Nxd4 Qxe5 10. Bc3 Qe4 11. f3 Qf4 12. h3 Qg3+ 13. Kd2 Bh5 14. Nf5 Qf4+ 15.
Ne3 Nc6 16. b5 Nd4 17. Bxd4 Qxd4+ 18. Kc2 Bg6+ 19. Qd3 Bxd3+ 20. Kd2 Qxa1 21.
Kxd3 O-O-O+ 22. Nd5 Qxb1+ 23. Kd4 Ne7 24. c5 Rxd5+ 25. Kc4 Qc1+ 26. Kb3 Rxc5 27.
e4 Rc3+ 28. Kb4 b6 29. e5 Qa3# 0-1

[Event "Challenge"]
[Site "http://www.queenalice.com/game.php?id=1214913"]
[Date "2013.9.7"]
[Round "-"]
[White "LEOKnopp"]
[Black "Ana_Cris"]
[Result "1-0"]
[WhiteElo "1485"]
[BlackElo "1328"]

1. e4 d6 2. d4 Nc6 3. d5 Ne5 4. Nf3 Nxf3+ 5. gxf3 e5 6. Bb5+ Bd7 7. Bxd7+ Qxd7
8. Nc3 a6 9. Bg5 h6 10. Bh4 g5 11. Bg3 Be7 12. h4 h5 13. hxg5 Bxg5 14. a4 Nf6
15. b4 Qc8 16. b5 a5 17. b6 c5 18. dxc6 Qxc6 19. Nd5 h4 20. Nc7+ Kd7 21. Nxa8
Rxa8 22. Bxh4 Qc3+ 23. Kf1 Rg8 24. Bxg5 Rxg5 25. f4 Rg7 26. fxe5 Qc4+ 27. Qd3
Qxe4 28. Qb5+ Ke6 29. Re1 Qd4 30. Qb3+ d5 31. exf6+ Kxf6 32. Qf3+ Kg6 33. Rg1+
Kh7 34. Qh3+ Kg8 35. Re8# 1-0

[Event "4th part in five"]
[Site "http://www.queenalice.com/game.php?id=1216126"]
[Date "2013.9.11"]
[Round "-"]
[White "Ana_Cris"]
[Black "LEOKnopp"]
[Result "1-0"]
[WhiteElo "1307"]
[BlackElo "1514"]

1. Nf3 d5 2. e3 Nc6 3. c3 e5 4. Bd3 e4 5. Nd4 exd3 6. Nf3 Bb4 7. cxb4 Nxb4 8.
Qa4+ Nc6 9. Nc3 a6 10. Qb3 Be6 11. Qxb7 Bd7 12. Nxd5 Rc8 13. Qxa6 Bf5 14. Qxc6+
Bd7 15. Qc3 Bb5 16. Nf4 Nf6 17. Qe5+ Kf8 18. Qxb5 c6 19. Qxd3 Qa5 20. h3 Rd8 21.
Qc3 Qxc3 22. bxc3 g5 23. Nxg5 h6 24. Nf3 h5 25. h4 Ne4 26. Ba3+ Kg7 27. O-O Nxd2
28. Nxd2 Rxd2 29. Rfb1 Rc2 30. Bb4 Rb8 31. Nxh5+ Kh6 32. g4 c5 33. Bxc5 Rc8 34.
Be7 R2xc3 35. Rb6+ Kh7 36. Rd1 Re8 37. Nf6+ Kg7 38. Nxe8+ Kg8 39. Rh6 Rc4 40.
Rdd6 Rxg4+ 41. Kf1 f6 42. Rdxf6 Rg7 43. Rf8# 1-0

[Event "Leo_02 vs. Ana_02 tiebreaker"]
[Site "http://www.queenalice.com/game.php?id=1219536"]
[Date "2013.9.24"]
[Round "-"]
[White "LEOKnopp"]
[Black "Ana_Cris"]
[Result "0-1"]
[WhiteElo "1438"]
[BlackElo "1474"]

1. e4 d6 2. d4 f5 3. e5 d5 4. Nf3 Bd7 5. Bg5 h6 6. Bxe7 Bxe7 7. Nc3 Na6 8. Nxd5
Bb4+ 9. c3 Ba5 10. g3 Be6 11. Qa4+ c6 12. Nh4 Ne7 13. Bb5 Nxd5 14. Bxc6+ bxc6
15. Qxc6+ Kf7 16. O-O Qb6 17. Qxb6 Nxb6 18. b3 Bxc3 19. Rac1 Bxd4 20. Nf3 Rhd8
21. Rfd1 Bc5 22. Re1 Nd7 23. b4 Nxb4 24. a3 Nd3 25. Rxc5 N7xc5 26. Nh4 Nxe1 27.
h3 Ne4 28. g4 fxg4 29. hxg4 Bxg4 30. f3 Nxf3+ 31. Nxf3 Bxf3 32. e6+ Kxe6 33. Kh2
Rd2+ 34. Kh3 Rg2 35. a4 g5 36. a5 g4+ 37. Kh4 Rh2# 0-1

[Event "Challenge"]
[Site "http://www.queenalice.com/game.php?id=1222661"]
[Date "2013.10.6"]
[Round "-"]
[White "dejami"]
[Black "LEOKnopp"]
[Result "0-1"]
[WhiteElo "1703"]
[BlackElo "1423"]

1. e4 e5 2. Bc4 Qh4 3. d3 Bc5 4. Qf3 Nh6 5. Bxh6 Qxh6 6. Qxf7+ Kd8 7. Qf5 Rf8 8.
Qxe5 Qc1+ 9. Ke2 Qxc2+ 10. Nd2 Rxf2+ 11. Ke1 Qxd2# 0-1

[Event "Challenge"]
[Site "http://www.queenalice.com/game.php?id=1226363"]
[Date "2013.10.22"]
[Round "-"]
[White "recchdegomm1"]
[Black "LEOKnopp"]
[Result "1-0"]
[WhiteElo "1330"]
[BlackElo "1450"]

1. d4 d5 2. c4 e5 3. Qa4+ Bd7 4. Qd1 e4 5. b3 c5 6. e3 Nf6 7. Ba3 Bg4 8. f3 exf3
9. gxf3 Bf5 10. dxc5 Qa5+ 11. b4 Qc7 12. Bh3 1-0

[Event "Challenge"]
[Site "http://www.queenalice.com/game.php?id=1230799"]
[Date "2013.11.7"]
[Round "-"]
[White "LEOKnopp"]
[Black "Ana_Cris"]
[Result "1-0"]
[WhiteElo "1417"]
[BlackElo "1497"]

1. e4 d6 2. d4 f5 3. Bb5+ Bd7 4. Nc3 Bxb5 5. Nxb5 a6 6. exf5 axb5 7. Qh5+ Kd7 8.
d5 Nf6 9. Qe2 c6 10. Qe6+ Kc7 11. Nf3 h6 12. Bd2 Qd7 13. Qe2 Qxf5 14. O-O Nxd5
15. h3 e5 16. g4 Qxc2 17. Ba5+ Kc8 18. Qxc2 Rxa5 19. Qf5+ Nd7 20. g5 Ne3 21.
fxe3 Kc7 22. Qf7 e4 23. gxh6 gxh6 24. Nd4 Kc8 25. Rac1 Nc5 26. Ne6 Nxe6 27.
Qxe6+ Kc7 28. Qf6 Rg8+ 29. Kh2 h5 30. Qf7+ Kb6 31. Qxg8 Bh6 32. Qd8+ Ka6 33. b4
Ra4 34. Qxd6 Rxa2+ 35. Kg3 Bxe3 36. Rf7 Bxc1 37. Qc7 Ra3+ 38. Kh4 Rb3 39. Qxb7#
1-0